Odmeňovanie pedagogických zamestnancov uplatňovanie Zák. č. 317/2009 Z.z. a Zák. č. 553/2003 Z.z.

Doplnenie ustanovenia o odmeňovaní pedagogických zamestnancov a odborných zamestnancov v školách a školských zariadeniach. Diferenciácia odmien podľa zákona NR SR č. 317/2009 Z. z. a zákona NR SR č. 553/2003 Z. z. v znení zákona č. 39/2009 Z. z.

Salvato in:
Dettagli Bibliografici
Autore principale: Valent, Marián
Natura: Capitolo di libro
Lingua:slovacco
Soggetti:
Tags: Aggiungi Tag
Nessun Tag, puoi essere il primo ad aggiungerne!!

MARC

LEADER 00000naa a2200000 4500
001 0118855
005 20231127102138.6
041 0 |a slo 
044 |a SK 
245 1 0 |a Odmeňovanie pedagogických zamestnancov  |b uplatňovanie Zák. č. 317/2009 Z.z. a Zák. č. 553/2003 Z.z.  |c Marián Valent 
520 |a Doplnenie ustanovenia o odmeňovaní pedagogických zamestnancov a odborných zamestnancov v školách a školských zariadeniach. Diferenciácia odmien podľa zákona NR SR č. 317/2009 Z. z. a zákona NR SR č. 553/2003 Z. z. v znení zákona č. 39/2009 Z. z. 
610 2 0 |a odmeňovanie 
610 2 0 |a učitelia 
610 2 0 |a zamestnanci 
610 2 0 |a školstvo 
610 2 0 |a kategórie pracovníkov 
610 2 0 |a mzdy 
610 2 0 |a odmeny 
610 2 0 |a diferenciácia mzdová 
610 2 0 |a zákony 
100 1 |a Valent, Marián